<?xml version="1.0" encoding="UTF-8"?>
<collection xmlns="http://www.loc.gov/MARC21/slim">
 <record>
  <leader>00494pamaa2200169   4500</leader>
  <controlfield tag="001">0000037033</controlfield>
  <controlfield tag="005">20181218090000.0</controlfield>
  <datafield tag="020" ind1="0" ind2="0">
   <subfield code="a">0201609703 (pbk) </subfield>
  </datafield>
  <datafield tag="090" ind1="0" ind2="0">
   <subfield code="a">PE1114 </subfield>
   <subfield code="b">MIK 1996</subfield>
  </datafield>
  <datafield tag="100" ind1="1" ind2="0">
   <subfield code="a">Mikulecky </subfield>
  </datafield>
  <datafield tag="245" ind1="1" ind2="0">
   <subfield code="a">More reading power  </subfield>
   <subfield code="c">Beatrice S. Mikulecky, Linda Jeffries.</subfield>
  </datafield>
  <datafield tag="260" ind1="0" ind2="0">
   <subfield code="a">[?]: </subfield>
   <subfield code="b">Longman, </subfield>
   <subfield code="c">1996.</subfield>
  </datafield>
  <datafield tag="300" ind1=" " ind2=" ">
   <subfield code="a">vi, 90p.: </subfield>
   <subfield code="b">ill.; </subfield>
   <subfield code="c">29cm.</subfield>
  </datafield>
  <datafield tag="501" ind1="0" ind2="0">
   <subfield code="a">EIP</subfield>
  </datafield>
  <datafield tag="650" ind1="0" ind2="0">
   <subfield code="a">College readers </subfield>
  </datafield>
  <datafield tag="650" ind1="0" ind2="0">
   <subfield code="a">Reading (Higher education) -- </subfield>
   <subfield code="x">Problems, exercises, etc </subfield>
  </datafield>
  <datafield tag="700" ind1="1" ind2="1">
   <subfield code="a">Jeffries, </subfield>
   <subfield code="h">Linda </subfield>
  </datafield>
 </record>
</collection>
